000 00303nam a22001337a 4500
008 190305b xxu||||| |||| 00| 0 eng d
020 _a0395437482
041 _aeng
080 _a038
100 _a23
101 _aFJA
245 _aThe Dictionary of Cultural Literacy
_cHirsch, E.D
942 _2udc
_cBK
999 _c54472
_d54472